000 00638nam a2200241 i 4500
001 C2-0005273
003 PPAK
005 20190630221832.0
008 970125s1985 nyu |||| ||||| | eng d
020 _a0471882313
040 _aPPAK
_beng
_cPPAK
_erda
082 0 4 _a657.95
_223
090 0 0 _a657.95
_bARP
_dG
100 1 _aArpan, Jeffrey S.,
_eauthor
245 1 0 _aInternational accounting and multinational enterprises
264 1 _aNew York :
_c1985
300 _axiii, 370 pages ;
_c24 cm
336 _2rdacontent
_atext
337 _2rdamedia
_aunmediated
338 _2rdacarrier
_avolume
700 _eauthor
942 _ddc
_cB
999 _c1513
_d1513